| 000 -LEADER |
| fixed length control field |
00723nam a22001457a 4500 |
| 008 - FIXED-LENGTH DATA ELEMENTS--GENERAL INFORMATION |
| fixed length control field |
240902b ||||| |||| 00| 0 eng d |
| 100 ## - MAIN ENTRY--PERSONAL NAME |
| Personal name |
Barik, Radhakanta |
| 245 ## - TITLE STATEMENT |
| Title |
Public health and education system in Odisha: A perspective |
| 260 ## - PUBLICATION, DISTRIBUTION, ETC. (IMPRINT) |
| Place of publication, distribution, etc |
Madhya Pradesh Journal of Social Sciences |
| 300 ## - PHYSICAL DESCRIPTION |
| Extent |
25(1), Jun, 2020: p.17-27 |
| 520 ## - SUMMARY, ETC. |
| Summary, etc |
Odisha was a backward state in terms of human development indicators viz, health and education. In the last two decades development initiatives have changed the health and education scenario in Odisha, due to private investments in these sectors. – Reproduced |
| 773 ## - HOST ITEM ENTRY |
| Main entry heading |
Madhya Pradesh Journal of Social Sciences |
| 906 ## - LOCAL DATA ELEMENT F, LDF (RLIN) |
| Subject DIP |
PUBLIC HEALTH |
| 942 ## - ADDED ENTRY ELEMENTS (KOHA) |
| Item type |
Articles |